<?xml version="1.0" encoding="UTF-8"?><?xml-stylesheet type="text/xsl" href="static/style.xsl"?><OAI-PMH xmlns="http://www.openarchives.org/OAI/2.0/" xmlns:xsi="http://www.w3.org/2001/XMLSchema-instance" xsi:schemaLocation="http://www.openarchives.org/OAI/2.0/ http://www.openarchives.org/OAI/2.0/OAI-PMH.xsd"><responseDate>2026-04-13T13:30:29Z</responseDate><request verb="GetRecord" identifier="oai:www.recercat.cat:10230/37280" metadataPrefix="marc">https://recercat.cat/oai/request</request><GetRecord><record><header><identifier>oai:recercat.cat:10230/37280</identifier><datestamp>2025-12-20T17:08:14Z</datestamp><setSpec>com_2072_6</setSpec><setSpec>col_2072_452952</setSpec></header><metadata><record xmlns="http://www.loc.gov/MARC21/slim" xmlns:dcterms="http://purl.org/dc/terms/" xmlns:xsi="http://www.w3.org/2001/XMLSchema-instance" xmlns:doc="http://www.lyncode.com/xoai" xsi:schemaLocation="http://www.loc.gov/MARC21/slim http://www.loc.gov/standards/marcxml/schema/MARC21slim.xsd">
   <leader>00925njm 22002777a 4500</leader>
   <datafield ind2=" " ind1=" " tag="042">
      <subfield code="a">dc</subfield>
   </datafield>
   <datafield ind2=" " ind1=" " tag="720">
      <subfield code="a">Aina, Laura</subfield>
      <subfield code="e">author</subfield>
   </datafield>
   <datafield ind2=" " ind1=" " tag="720">
      <subfield code="a">Bernardi, Raffaella</subfield>
      <subfield code="e">author</subfield>
   </datafield>
   <datafield ind2=" " ind1=" " tag="720">
      <subfield code="a">Fernández, Raquel</subfield>
      <subfield code="e">author</subfield>
   </datafield>
   <datafield ind2=" " ind1=" " tag="260">
      <subfield code="c">2019-05-23T14:20:50Z</subfield>
   </datafield>
   <datafield ind2=" " ind1=" " tag="260">
      <subfield code="c">2019-05-23T14:20:50Z</subfield>
   </datafield>
   <datafield ind2=" " ind1=" " tag="260">
      <subfield code="c">2018</subfield>
   </datafield>
   <datafield ind2=" " ind1=" " tag="520">
      <subfield code="a">Comunicació presentada al Fifth Italian Conference on Computational Linguistics (CLiC-it 2018); celebrada del 10 al 12 de desembre de 2018 a Torí, Itàlia.</subfield>
   </datafield>
   <datafield ind2=" " ind1=" " tag="520">
      <subfield code="a">In this paper, we investigate the relation between negated adjectives and antonyms in English using Distributional Semantics methods. Results show that, on the basis of contexts of use, a negated adjective (e.g., not cold) is typically more similar to the adjective itself (cold) than to its antonym (hot); such effect is less strong for antonyms derived by affixation (e.g., happy - unhappy).&#xd;
In questo lavoro, analizziamo la relazione fra aggettivi negati e antonimi in inglese utilizzando metodi di Semantica Distribuzionale. I risultati mostrano che, sulla base dei contesti di uso, la negazione di un aggettivo (ad es. “not cold”; it.: “non freddo”) e tipicamente ` piu simile all’aggettivo stesso (“cold”; it.: ` “freddo”) che al suo antonimo (“hot”; it.: “caldo”). Tale effetto e meno accentuato ` per antonimi derivati tramite affissi (ad es. “happy”-“unhappy”; it.: “felice”- “infelice”).</subfield>
   </datafield>
   <datafield ind2=" " ind1=" " tag="520">
      <subfield code="a">This project has received funding from the European Research Council (ERC) under the European Union’s Horizon 2020 research and innovation programme (grant agreement No 715154), and by the Catalan government (SGR 2017 1575).</subfield>
   </datafield>
   <datafield tag="653" ind2=" " ind1=" ">
      <subfield code="a">Anglès -- Adjectiu</subfield>
   </datafield>
   <datafield ind2="0" ind1="0" tag="245">
      <subfield code="a">A distributional study of negated adjectives and antonyms</subfield>
   </datafield>
</record></metadata></record></GetRecord></OAI-PMH>